La corte divida, o palacio celestial (Record no. 8474)

MARC details
000 -CABECERA
campo de control de longitud fija 01049nam a2200241 a 4500
001 - NÚMERO DE CONTROL
campo de control BRCA_8823
005 - FECHA Y HORA DE LA ÚLTIMA TRANSACCIÓN
campo de control 20190320210426.0
008 - DATOS DE LONGITUD FIJA--INFORMACIÓN GENERAL
campo de control de longitud fija 260417s1701----sp-#######---#000-0#spa-#
041 ## - CÓDIGO DE LENGUA
Código de lengua del texto/banda sonora o título independiente spa
044 ## - CÓDIGO DEL PAÍS DE LA ENTIDAD EDITORA/PRODUCTORA
Código MARC del país sp
084 ## - OTRO NÚMERO DE CLASIFICACIÓN
Número de clasificación BE204
Número de documento/Ítem .C38 1701
100 1# - ENTRADA PRINCIPAL--NOMBRE DE PERSONA
Nombre de persona Causino, Nicolas
9 (RLIN) 21989
245 10 - MENCIÓN DE TÍTULO
Título La corte divida, o palacio celestial
Mención de responsabilidad, etc. escrivióla en lengua latina el Rmo. P. Nicolas Causino, de la Compañía de Jesús, Confesor de Luis XIII Rey de Francia; tomo XXII.
260 ## - PUBLICACIÓN, DISTRIBUCIÓN, ETC.
Lugar de publicación, distribución, etc. Madrid
Nombre del editor, distribuidor, etc. en la Imprenta de Antonio Pérez de Soto, calle de la Abada
Fecha de publicación, distribución, etc. 1701
300 ## - DESCRIPCIÓN FÍSICA
Extensión [6], 242 p. (t.22)
Dimensiones 15.2 x 10 cm.
500 ## - NOTA GENERAL
Nota general Con las aprobaciones, y licencias necesarias
500 ## - NOTA GENERAL
Nota general Estado físico: presenta encuadernación en pergamino desgastado, con cintas rotas, presencia del pez de plata y lomo expuesto y semi desprendido
505 0# - NOTA DE CONTENIDO CON FORMATO
Nota de contenido con formato Que contiene los símbolos selectos, y parábolas históricas
700 1# - PUNTO DE ACCESO ADICIONAL--NOMBRE DE PERSONA
Nombre de persona Torre, Francisco de la
Término indicativo de función/relación tr.
9 (RLIN) 21990
700 1# - PUNTO DE ACCESO ADICIONAL--NOMBRE DE PERSONA
Nombre de persona Pérez de Soto, Antonio
Término indicativo de función/relación Impresor
9 (RLIN) 21991
902 ## - CATALOGADOR
Iniciales CFM
942 ## - ELEMENTOS DE PUNTO DE ACCESO ADICIONAL (KOHA)
Fuente del sistema de clasificación o colocación Library of Congress Classification
Tipo de ítem Koha Libros
Holdings
Estado de retiro Estado de pérdida Estado dañado No para préstamo Localización permanente Ubicación/localización actual Fecha de adquisición Total de préstamos Signatura topográfica completa Código de barras Fecha visto por última vez Precio válido a partir de Tipo de ítem Koha
El ejemplar forma parte de la colección y puede ser consultado según las políticas vigentes.       Biblioteca del Museo Franz Mayer (Rogerio Casas-Alatriste) Biblioteca del Museo Franz Mayer (Rogerio Casas-Alatriste) 26/04/2017   BE204 .C38 1701 CFM00150 22/03/2019 22/03/2019 Libros